BRS system reference manual. (Record no. 6074)
[ view plain ]
| 000 -CABECERA | |
|---|---|
| campo de control de longitud fija | 00458nam a2200157 a 4500 |
| 005 - FECHA Y HORA DE LA ÚLTIMA TRANSACCIÓN | |
| campo de control | 20210219150041.0 |
| 008 - ELEMENTOS DE LONGITUD FIJA--INFORMACIÓN GENERAL | |
| campo de control de longitud fija | 991125s1981 ea 000 0 eng u |
| 035 ## - NÚMERO DE CONTROL DEL SISTEMA | |
| Número de control de sistema | UPN01000006074 |
| 049 ## - COLECCIÓN | |
| Colección | CE |
| 050 #4 - SIGNATURA TOPOGRÁFICA DE LA BIBLIOTECA DEL CONGRESO | |
| Número de clasificación | Z699 |
| Número de documento/Ítem | B78 |
| 245 00 - MENCIÓN DE TÍTULO | |
| Título | BRS system reference manual. |
| 260 ## - PUBLICACIÓN, DISTRIBUCIÓN, ETC. | |
| Lugar de publicación, distribución, etc. | New York : |
| Nombre del editor, distribuidor, etc. | Bibliographic Retneval Services, |
| Fecha de publicación, distribución, etc. | 1981. |
| 300 ## - DESCRIPCIÓN FÍSICA | |
| Extensión | iv, 160 h. |
| 650 #4 - ASIENTO SECUNDARIO DE MATERIA - TERMINO TEMATICO | |
| Término de materia o nombre geográfico como elemento de entrada | INFORMACION - |
| Subdivisión general | SISTEMAS DE ALMACENAMIENTO Y RECUPERACION - |
| Subdivisión de forma | MANUALES |
| 905 ## - TIPO DE MATERIAL | |
| Tipo de material | Libro |
| Estado de retiro | Estado de pérdida | Fuente del sistema de clasificación o colocación | Estado dañado | No para préstamo | Código de colección | Localización permanente | Ubicación/localización actual | Ubicación en estantería | Fecha de adquisición | Clasificación | Código de barras | Fecha visto por última vez | Número de copia | Tipo de ítem Koha |
|---|---|---|---|---|---|---|---|---|---|---|---|---|---|---|
| Library of Congress Classification | Coleccion Esp. | Colección Especial | Bib. Gregorio Torres Quintero | Bib. Gregorio Torres Quintero | Colección Especial | 02/05/2023 | Z699 B78 | 67107 | 31/12/2020 | 1 | Libro |
